Design of modern highway bridges / (Record no. 549651)

000 -LEADER
fixed length control field 00516cam a2200169 a 4500
020 ## - INTERNATIONAL STANDARD BOOK NUMBER
International Standard Book Number 0070629978 (text)
020 ## - INTERNATIONAL STANDARD BOOK NUMBER
International Standard Book Number 0070629986 (SM)
082 00 - DEWEY DECIMAL CLASSIFICATION NUMBER
Classification number 624.2
Author Mark TAL
-- L-NUST, P-44
100 1# - MAIN ENTRY--PERSONAL NAME
Personal name Taly, Narendra.
9 (RLIN) 46281
245 10 - TITLE STATEMENT
Title Design of modern highway bridges /
Statement of responsibility, etc. Narendra Taly.
260 ## - PUBLICATION, DISTRIBUTION, ETC.
Place of publication, distribution, etc. New York :
Name of publisher, distributor, etc. McGraw-Hill,
Date of publication, distribution, etc. c1998.
300 ## - PHYSICAL DESCRIPTION
Extent xvi, 1352 :
Other physical details ill. ;
Dimensions 25 cm.
526 ## - STUDY PROGRAM INFORMATION NOTE
Program name 0
Interest level 0
Reading level 0
Title point value 624_200000000000000_TAL
650 #0 - SUBJECT ADDED ENTRY--TOPICAL TERM
Topical term or geographic name entry element Bridges
General subdivision Design and construction.
9 (RLIN) 801
650 #0 - SUBJECT ADDED ENTRY--TOPICAL TERM
Topical term or geographic name entry element MCE
9 (RLIN) 379
942 ## - ADDED ENTRY ELEMENTS (KOHA)
Source of classification or shelving scheme
Koha item type Book
Holdings
Withdrawn status Lost status Source of classification or shelving scheme Damaged status Not for loan Permanent Location Current Location Date acquired Total Checkouts Full call number Barcode Date last seen Date last checked out Price effective from Koha item type
          Military College of Engineering (MCE) Military College of Engineering (MCE) 10/02/2014 1 624.2 TAL MCE-44481 09/07/2018 03/30/2017 10/02/2014 Book
© 2023 Central Library, National University of Sciences and Technology. All Rights Reserved.